000 00580 a2200169 4500
005 20190808075831.0
008 190529b1985 bl ||||| |||| 00| 0 por d
020 _a8520304788
040 _aCO-BoUCM
_bspa
_cOscar Ávila (modificó)
_dOscar Ávila (modificó)
041 0 _apor
100 1 0 _aAtaliba, Geraldo
_996595
245 1 0 _aRepública e constituicao
_cGeraldo Ataliba
260 _bEditora Revista dos tribunais
_c1985
_aBrasil
_g1985
650 7 _912725
_aDerecho constitucional
942 _cLIBRO
_2DEWEY
_a8
_e1
_h342.861
_mA862r
999 _c312728
_d312728